Kader Prime Bayern 2012/13 - Statistiken

Allgemein
  • Dieses Quiz wurde 244 mal gespielt
  • Das Durchschnittsergebnis liegt bei 18 aus 26
Antwortstatistiken
Position Geburtsdatum Nationalität Trikotnummer Antwort % Korrekt
Torhüter 27.03.1986 Deutschland 1 Manuel Neuer
100%
Sturm 23.01.1984 Niederlande 10 Arjen Robben
96%
Abwehr 24.06.1992 Österreich 27 David Alaba
96%
Sturm 07.04.1983 Frankreich 7 Franck Ribéry
95%
Sturm 13.09.1989 Deutschland 25 Thomas Müller
93%
Abwehr 03.09.1988 Deutschland 17 Jérôme Boateng
91%
Abwehr 11.11.1983 Deutschland 21 Philipp Lahm
89%
Mittelfeld 01.08.1984 Deutschland 31 Bastian Schweinsteiger
88%
Trainer 09.05.1945 Deutschland X Jupp Heynckes
86%
Abwehr 18.10.1983 Brasilien 4 Dante
82%
Sturm 21.05.1986 Kroatien 9 Mario Mandžukić
82%
Sturm 03.10.1978 Peru 14 Claudio Pizarro
80%
Sturm 10.07.1985 Deutschland 33 Mario Gómez
79%
Abwehr 02.09.1988 Spanien 8 Javi Martínez
76%
Mittelfeld 04.01.1990 Deutschland 39 Toni Kroos
76%
Mittelfeld 10.10.1991 Schweiz 11 Xherdan Shaqiri
75%
Abwehr 07.02.1978 Belgien 5 Daniel Van Buyten
70%
Abwehr 07.09.1985 Brasilien 13 Rafinha
64%
Torhüter 18.03.1981 Deutschland 22 Tom Starke
57%
Abwehr 13.03.1989 Deutschland 28 Holger Badstuber
55%
Mittelfeld 23.07.1987 Brasilien 30 Luiz Gustavo
50%
Mittelfeld 05.08.1995 Dänemark 34 Pierre-Emile Højbjerg
46%
Abwehr 01.05.1990 Deutschland 26 Diego Contento
38%
Mittelfeld 30.03.1979 Ukraine 44 Anatoliy Tymoshchuk
29%
Mittelfeld 12.01.1994 Deutschland 36 Emre Can
19%
Torhüter 04.01.1988 Deutschland 24 Maximilian Riedmüller
7%
Keine übereinstimmenden Quizze gefunden
Verteilung der Resultate
Anzahl Personen mit jedem Resultat
Perzentil nach korrekt beantworteten Fragen
Ihre Resultats-Entwicklung
Sie haben dieses Quiz noch nicht gespielt